00280nam a2200121Ia 4500008004100000041000900041082001700050100001300067245002400080260003800104300000800142650000800150230718s9999 xx 000 0 und d aEng. a373.4bKEY-S aKey, law 0aSpecific Relief 187 aPakistanbKey law publishedc2010 a245 aLaw